|
|
|
|
| LEADER |
00000nab a2200000 a 4500 |
| 001 |
vtls001511208 |
| 003 |
SK-MaSNL |
| 005 |
20260304134401.0 |
| 008 |
250505s2002 xo 000 0 slo |
| 035 |
|
|
|a SPKCL13535
|
| 035 |
|
|
|a urn:nbn:sk:snk-ab1hbq
|
| 035 |
|
|
|a (urnnbn)urn:nbn:sk:snk:ar-003tgq
|
| 035 |
|
|
|a (uuid)6d9c4598-11e7-445a-a692-978867319673
|
| 040 |
|
|
|a SNKBUCL
|b slo
|c SNKBUCL
|e AACR2
|
| 041 |
0 |
|
|a slo
|
| 044 |
|
|
|a xo
|c SK
|
| 080 |
|
|
|a 331.56:378
|2 1981
|
| 100 |
1 |
|
|a Hudecová, Martina
|4 aut
|9 842641
|
| 245 |
1 |
0 |
|a Externé štúdium, nezamestnaní absolventi
|c Martina Hudecová
|
| 520 |
|
|
|a V nadväznosti na diskusiu pri príprave vysokoškolského zákona o spoluúčasti študentov na financovaní svojho štúdia prináša autorka niekoľko podrobných tabuliek. Kriticky sa vyjadruje k bezplatnému externému štúdiu a zdôrazňuje, že niektoré vysoké školy majú viac externých ako denných študentov. Prináša aj údaje o počte zamestnaných absolventov jednotlivých vysokých škôl na základe údajov Národného úradu práce
|
| 650 |
0 |
7 |
|a nezamestnanosť
|2 SPK
|9 4271
|
| 650 |
0 |
7 |
|a vysokoškolskí študenti
|2 SPK
|9 3981
|
| 650 |
0 |
7 |
|a externí študenti
|2 SPK
|9 1248153
|
| 650 |
0 |
7 |
|a štatistické údaje
|2 SPK
|9 71119
|
| 773 |
0 |
|
|t Academia
|g Roč. 12, č. 2 (2002) s. 34-38
|
| 850 |
|
|
|a Slovenská národná knižnica
|
| 852 |
|
|
|a Slovenská národná knižnica
|
| 954 |
|
|
|a odborná, vedecká literatúra pôvodná (slovenská)
|2 lita
|
| 958 |
|
|
|a article
|
| 958 |
|
|
|a OND
|
| 999 |
|
|
|c 2906621
|d 2908551
|